| 000 | 02023nam a2200409 c 4500 | ||
|---|---|---|---|
| 003 | BLK | ||
| 005 | 20230505094139.0 | ||
| 008 | 180408b bul|||||r ||||||| ||bul|| | ||
| 010 | _aKNG00075734000 | ||
| 020 |
_a978-954-26-0900-1 _bиздат.: Хермес |
||
| 040 | _aBLK | ||
| 041 |
_aBUL _cBUL _hRUS |
||
| 072 | 7 |
_2bullib _aН80 _xЕзикознание Н |
|
| 080 |
_aРуски език _b811.161.1 _x(075.4) _z811.161.1(075.4) |
||
| 100 | 1 |
_aВайсер, Лидия _eпърви автор _945039 |
|
| 700 | 1 |
_aМьорг, Вероник _eсъавт. _9100001 |
|
| 700 | 1 |
_aШалапутов, Аниес _eсъавт. _9142567 |
|
| 700 | 1 |
_aЧобанова-Димова, Радка Атанасова _eпрев. _9295370 |
|
| 700 | 1 |
_aХристова, Наталия Василева _9367224 |
|
| 139 |
_aВайсер, Лидия и др. _bВ 16 |
||
| 245 | 1 | 0 |
_aДа проговорим руски веднага _bРъководство за ускорена самоподготовка _cЛидия Вайсер; съавт. Вероник Мьорг; съавт. Аниес Шалапутов; прев. Радка Атанасова Чобанова-Димова; прев. Наталия Василева Христова. |
| 257 | _aFRA | ||
| 260 |
_аПловдив _bХермес _c2010 _fХасково : Полиграфюг |
||
| 300 |
_a174 с. _c18 см _e1 CD |
||
| 380 | _a80 | ||
| 490 | 1 | _aСамоучители Хермес | |
| 500 | _aОриг. загл. Le russe tout de suite / Lydia Vaisser, Veronique Meurgues. - Прил. със същото загл. и сигн. CD 4009. | ||
| 650 | 4 |
_aРуски език - учебници за самообразование _9274411 |
|
| 653 | _aруски език | ||
| 653 | _aучебници за самообразование | ||
| 659 | _aН | ||
| 852 | _aЦб І 34186 | ||
| 856 | 4 |
_qpdf _u |
|
| 856 | 4 |
_qpdf _u |
|
| 942 |
_cKNG _n0 _05 |
||
| 944 |
_aCR _c05.10.2011 _lф / _kГеновева_Генчева |
||
| 944 |
_aED _c30.11.2015 _lф / _kЛюдмила_Стоянова |
||
| 999 |
_c71366 _d71366 |
||